01053ngm a2200325 4500003000400000005001700004007000500021008004100026010002000067024002300087035002000110040001300130082001400143245005900157260003200216300005100248440003200299500003600331500007000367500004000437538004900477538007900526650001900605700001700624700002100641700001100662700001700673700001800690700001900708dpl20100315140220.0DVD ||||||sp199 xxu|||||c ||| 00| 0 ng d  aDVD-006720-6727 c69.00aSHE 1270 F2 aDVD-006720-6727 aDPLcDPL aDVD OMKA aOmkaracShemaroo Film Presentsh[videorecording] VCD/ bShemaroo Home Entertainment a2 videodisc VCD; bsd., col. ;c4 3/4 in.fVCD aShemaroo Home Entertainment aMastered From The Original Film aThis Title in Completed with 2 Disc. Not to be sold individually. aAdaptation of Shakespeare's Othello aDolby Digital 5.1 - Hindi Subtitles: English aNTSC Format-All Regions, 16x9 Anamorphic (2:23.1 Aspect Ratio), Dual Layer aMotion Picture aKumar Mangat aBhardwaj, Vishal aGulzar aDevgan, Ajay aSaif Ali Khan aKaporr, Karina